Lana Del Rey - Diet Mountain Dew Lyrics - Statistics

General Stats
  • This quiz has been taken 582 times
  • The average score is 445 of 541
Answer Stats
Answer % Correct
Baby
97%
baby
97%
I
97%
you
97%
a
96%
Dew
96%
City
95%
Diet
95%
for
95%
Mountain
95%
York
95%
Do
94%
New
94%
be
93%
in
93%
love
93%
love?
93%
me
93%
we
93%
We
93%
pretty
91%
so
90%
your
90%
forever?
89%
no
89%
think
89%
the
88%
You're
88%
you're
88%
girl
87%
good
86%
we'll
86%
want
85%
want—
85%
But
83%
Never
82%
ever
80%
was
77%
on
76%
to
74%
take
73%
Take
73%
it
72%
and
71%
there
69%
There
69%
down
65%
Can
64%
gonna
64%
what
64%
put
63%
up
63%
'Cause
61%
heart
61%
ride
61%
sunglasses
61%
not
60%
Say
59%
shaped
59%
all
58%
I'm
58%
just
56%
Got
55%
Let's
55%
night
55%
off
55%
like
54%
is
53%
his
52%
it's
52%
Jesus
52%
know
52%
mind
52%
this
52%
we're
51%
been
50%
alright
49%
dashboard
49%
says
49%
Says
49%
listen
48%
Maybe
47%
past
47%
could
46%
he's
46%
high
46%
roller
46%
too
46%
coaster
45%
gritty?
44%
enough
43%
another
42%
keeps
42%
sparkle
42%
eye
41%
fast
41%
here
41%
teach
41%
low
40%
both
39%
many
39%
ashes
38%
Ready
38%
times
38%
waitin'
38%
closer
35%
brings
34%
now
34%
at
33%
Saved
33%
hit
32%
7-Eleven
31%
drag
30%
turn
30%
speed
25%
lie?
24%
Heaven
23%
stoppin'
23%
white
17%
Pontiac
16%
No matching quizzes found
Score Distribution
Percent of People with Each Score
Percentile by Number Answered
Your Score History
You have not taken this quiz